000 00606nam a2200229Ia 4500
005 20241129120118.0
008 241129s9999||||xx |||||||||||||| ||und||
020 _a9781032114118
037 _aTB
040 _aSDCL
_beng
_cSDCL
041 _aeng
_2eng
084 _aU42.1'P, R3
_qSDCL
100 _aSteiner Niklaus
_9599481
245 0 _aInternational migration and citizenship today
250 _a2nd
260 _aLondon
_bRoutledge
_c2023
300 _axi,194p.
365 _aGBP
_b32.99
650 _aPolitical Science
942 _cTB
_hU42.1'P, R3
999 _c1233392
_d1233392